Normal view
MARC view
- Tiempo
Entry Materia
001 - NÚMERO DE CONTROL DEL REGISTRO
- campo de control: 23602
003 - IDENTIFICADOR DE NUMERO DE CONTROL
- campo de control: MX-MxUPN
005 - FECHA Y HORA DE LA ÚLTIMA TRANSACCIÓN
- campo de control: 20240306152521.0
008 - DATOS DE LONGITUD FIJA
- campo de control de longitud fija: 240306 abfdnnnbaba n ann |d
035 ## - NÚMERO DE CONTROL DEL SISTEMA
- Número de control del sistema: UPN10000023611
040 ## - FUENTE DE LA CATALOGACIÓN
- Centro catalogador de origen: MX-MxUPN
- Lengua de catalogación: spa
150 ## - ENCABEZAMIENTO - TEMÁTICO
- Término de materia o nombre geográfico como elemento inicial: Tiempo
- Subdivisión de forma: Literatura infantil
670 ## - FUENTE EN LA QUE SE LOCALIZARON DATOS
- Cita de la fuente: LC Authorities, 6 marzo 2024 :
- Información localizada: (Time -- Juvenile literature)
902 ## - CATALOGADOR
- Catalogador: MITM/110215
- Catalogador: VíctorGodínez/060324
